1033 1925 1107 1614 1593 1377 1486 1733 1172 1928 1969 1265 1805 1871 1395 1613 1811 1197 1695 1951 1310 1443 1356 1982 1094 1793 1439 1818 1118 1472 1359 1942 1622 1088 1950 1605 1366 1057 1223 1250 1948 1380 1101 1631 1887 1732 1187 1416 1813 1126 1543 1023 1780 1632 1118 1321 1926 1454 1899 1246 1188 1031 1652 1186 1952 1226 1044 1403 1329 1829 1917 1515 1851 1869 1055 1535 1093 1620 1013 1209 1118 1459 1685 1989 1898 1463 1966 1656 1948 1566 1640 1246 1666 1477 1672 1645 1121 1954 1966 BCNSPRNW ULIB Ver.6.0+V

เปลี่ยนเป็นภาษาไทย

Change to English
 แสดงรายละเอียดบรรณานุกรม
  กลับหน้าหลัก

Brief Record : Get Marc (ISO 2709) : E-mail record : QR code < ปิดหน้าต่าง
LEADER : 00000nam 2200000uu 4500
001    13399109817
003     ULIB
008    110411s2546||||th 000 0 tha d
020    9742971927
060 04 WC680^bค127ค 2546
110 1  กรมควบคุมโรค. ^bสำนักโรคติดต่อนำโดยแมลง
245 00 คู่มือปฏิบัติงานควบคุมไข้มาลาเรีย พ.ศ.2546/^cสมศักดิ์ ประจักษ์วงศ์ และคณะ
260    [นนทบุรี] :^bสำนักโรคติดต่อนำโดยแมลง กรมควบคุมโรค กระทรวงสาธารณสุข,^c2546
300    50 หน้า
650  7 มาลาเรีย
700 0  สมศักดิ์ ประจักษ์วงศ์ และคณะ
945    ^p0^l0^i016078
995    ทศพร
999 ^a ใช้งานได้ทุกระบบ
รายการนี้ยังไม่มีแท็ก
คุณยังไม่ได้ล็อกอิน คุณสามารถมีกิจกรรมร่วมกับเว็บไซต์ได้ แต่ต้องล็อกอินก่อน ::
  ล็อกอิน

รายการสื่อสารสนเทศ

ลำดับที่ ประเภท เลขเรียก/บาร์โค้ด สถานที่ สถานะ
- ไม่พบข้อมูล -

รายการใกล้เคียง
    หัวเรื่อง [มาลาเรีย]

BibComment


ยังไม่เคยถูกคอมเมนท์

คอมเมนท์ทรัพยากรรายการนี้
  คอมเมนท์: คู่มือปฏิบัติงานค..


 Copyright 2026. Bcnsprnw @Library